| 000 | 00794nam a22002297a 4500 | ||
|---|---|---|---|
| 999 |
_c8508 _d8508 |
||
| 003 | AR-CdUCM | ||
| 008 | 190313b ||||| |||| 00| 0 spa d | ||
| 040 |
_aMUNICIPALIDAD PROVINCIAL DEL CUSCO _cBIBLIOTECA MUNICIPAL DEL CUSCO |
||
| 082 |
_a985.008 / _bD85P |
||
| 110 |
_aDocumental del Perú _916724 |
||
| 245 |
_aDocumental del Perú : _bDepartamento de Piura / |
||
| 260 |
_aPerú : _bioppe , _c1970. |
||
| 300 |
_a158 páginas ; _bilustraciones, _c21 cm. |
||
| 505 | _aContenido: Piura -- Turismo -- Folklore -- Historia... | ||
| 650 |
_aProducción y desarrollo _912181 |
||
| 650 |
_aCultura e instituciones _917384 |
||
| 650 |
_aDanzas y procesiones _917385 |
||
| 650 |
_aLagunas _917386 |
||
| 700 |
_aCortazar, Pedro Felipe (director) _917387 |
||
| 942 |
_2ddc _cLIBROS |
||
| 945 | _aLiseth | ||